| 000 | 00377nam a2200157Ia 4500 | ||
|---|---|---|---|
| 008 | 210716s2000 xx 000 0 und d | ||
| 020 | _a8176563005 | ||
| 041 | _aeng | ||
| 082 | _a005.137X DOSG | ||
| 100 | _aDoss, George. | ||
| 245 | _aCorba developer's with XML. | ||
| 250 | _a1 | ||
| 260 |
_aNew Delhi _bBPB Publications _c2000 |
||
| 300 | _axxvii,290 | ||
| 650 | _aNone | ||
| 999 |
_c184989 _d184989 |
||